|
|
|
|
| LEADER |
00000cam a2200000 7i4500 |
| 001 |
0000002346 |
| 005 |
20230125.0 |
| 008 |
070711 |
| 020 |
|
|
|a 9830212432(set)
|
| 020 |
|
|
|a 9830212513
|
| 090 |
0 |
0 |
|a JF
|b AD MAL (2607)
|
| 100 |
0 |
|
|a Zainal Katim
|
| 245 |
1 |
0 |
|a Sayang Kak Manirah
|c Zainal Katim
|
| 260 |
|
|
|a Selangor :
|b Pustaka Angsana ,
|c 2005
|
| 440 |
|
0 |
|a Siri terbaru detektif muda
|
| 500 |
|
|
|a Children ages 7-9 years old (orange)
|
| 650 |
|
0 |
|a Adventure
|
| 650 |
|
0 |
|a Malay fiction
|
| 710 |
0 |
|
|a Title
|
| 999 |
|
|
|a 0000968486
|b Book
|c Children Collection
|e Perbadanan Perpustakaan Awam Johor
|
| 999 |
|
|
|a 0000968487
|b Book
|c Children Collection
|e Cawangan Muar
|
| 999 |
|
|
|a 0000968488
|b Book
|c Children Collection
|e Cawangan Bandar Tenggara
|
| 999 |
|
|
|a 0000969792
|b Book
|c Children Collection
|e Cawangan Pontian
|
| 999 |
|
|
|a 0000969793
|b Book
|c Children Collection
|e Cawangan Tmn. Ungku Tun Aminah
|
| 999 |
|
|
|a 0000969794
|b Book
|c Children Collection
|e Cawangan Bandar Penawar
|